| Tag |
First Indicator |
Second Indicator |
Subfields |
| LEADER |
00000cas a2200000 a 4500 |
| 001 |
in00004455513 |
| 005 |
20191202121107.0 |
| 008 |
770908d1uuu1994txuar 0uuua0eng d |
| 035 |
|
|
|a (OCoLC)03248951
|
| 035 |
|
|
|9 AAA5762MS
|
| 035 |
|
|
|z (UtOrBLW)2802
|
| 035 |
|
|
|a 4250
|
| 040 |
|
|
|a COO
|c COO
|d m.c.
|d TMV
|d UtOrBLW
|
| 043 |
|
|
|a n-us-tx
|
| 049 |
|
|
|a [Shelved] [by Title] TMVM
|
| 050 |
|
4 |
|a S117
|b .E5
|
| 060 |
|
4 |
|a SF 207
|b B413
|
| 245 |
0 |
0 |
|a Beef cattle research in Texas.
|
| 264 |
|
1 |
|a College Station, Tex. :
|b Texas A&M University, Texas Agricultural Experiment Station, -1994.
|
| 300 |
|
|
|a volumes ;
|c 28 cm.
|
| 336 |
|
|
|a text
|2 rdacontent
|b txt
|
| 337 |
|
|
|a unmediated
|2 rdamedia
|
| 338 |
|
|
|a volume
|2 rdacarrier
|b nc
|
| 490 |
0 |
|
|a <1965]-1994: Consolidated progress reports ;
|v no. 2363-2373, etc
|
| 500 |
|
|
|a Title from cover; description based on: 1965.
|
| 650 |
|
2 |
|a Animal Husbandry.
|
| 650 |
|
2 |
|a Cattle.
|
| 710 |
2 |
|
|a Texas Agricultural Experiment Station.
|
| 760 |
0 |
|
|a Texas. Agricultural Experiment Station.
|t Consolidated progress reports
|
| 948 |
|
|
|a Ceased;letter from publisher.7/21/98ch
|
| 999 |
|
|
|a MARS
|
| 999 |
f |
f |
|s abba0585-ceef-3887-bd77-838cd36e9f58
|i 7ce0c348-f70b-3347-b113-f97295090af9
|t 0
|
| 952 |
f |
f |
|p preservation
|a Texas A&M University
|b J.J. Pickle Campus
|c High Density Repository
|d Remote Storage
|t 0
|e SF 207 B413
|h Library of Congress classification
|i unmediated -- volume
|l 1990
|m 323890100042W
|
| 952 |
f |
f |
|p preservation
|a Texas A&M University
|b J.J. Pickle Campus
|c High Density Repository
|d Remote Storage
|t 0
|e SF 207 B413
|h Library of Congress classification
|i unmediated -- volume
|l 1979
|m 3238900970929
|
| 952 |
f |
f |
|p preservation
|a Texas A&M University
|b J.J. Pickle Campus
|c High Density Repository
|d Remote Storage
|t 0
|e SF 207 B413
|h Library of Congress classification
|i unmediated -- volume
|l 1994
|m 3238901226542
|
| 952 |
f |
f |
|p preservation
|a Texas A&M University
|b J.J. Pickle Campus
|c High Density Repository
|d Remote Storage
|t 0
|e SF 207 B413
|h Library of Congress classification
|i unmediated -- volume
|k 76/78
|l 1973
|m 3238900403942
|
| 952 |
f |
f |
|p preservation
|a Texas A&M University
|b J.J. Pickle Campus
|c High Density Repository
|d Remote Storage
|t 0
|e SF 207 B413
|h Library of Congress classification
|i unmediated -- volume
|k 69,71/72
|l 1965/67
|m 3238900403920
|
| 998 |
f |
f |
|a SF 207 B413
|s 1965-1967,1969,1971-1973,1976-1979,1990,1994
|t 0
|l Remote Storage
|